Star Wars Episode VI - Return of the Jedi Quotes - Statistics

General Stats
  • This quiz has been taken 142 times
  • The average score is 12 of 15
Answer Stats
Hint Answer % Correct
Luke, when gone am I the last of the ..... will you be. Luke, the Force runs strong in your family. jedi
97%
It's a .......! trap
94%
Never. I'll never turn to the ........ You've failed, your highness. I am a Jedi, like my father before me. dark side
92%
Nothing can stop that now. Just for once let me look on you with my own ...... eyes
92%
You rebel ......! scum
91%
One I thought so too. But, he's more ........ now than man. His mind is twisted and evil. machine
87%
You want this, don't you? The hate is swelling in you now. Take your Jedi weapon. Use it. I am unarmed. ....... me down with it. Give in to your anger. strike
86%
In his belly you will find a new definition of pain and suffering as you are slowly digested over a ......... years. thousand
86%
Your thoughts betray you, ......... I feel the good in you, the conflict. father
84%
I see you have constructed a new light saber. Your skills are complete. Indeed you are powerful as the ........ has foreseen. emperor
81%
When ....... ......... years old you reach, look as good you will not, hmm? nine hundred
80%
Search your feelings, Father, you can't do this. I feel the conflict within you. Let go of your ....... hate
78%
You underestimate the power of the Dark Side. If you will not fight, then you will meet your ....... destiny
76%
Many ........ died to bring us this information. bothans
59%
Keep your distance, though, ....... but don't look like you're trying to keeping your distance. chewie
42%
No matching quizzes found
Score Distribution
Percent of People with Each Score
Percentile by Number Answered
Your Score History
You have not taken this quiz